000 00740nam a2200241Ia 4500
003 OSt
005 20220927105354.0
006 a|||||r|||| 00| 0
007 ta
008 220926b |||||||| |||| 00| 0 eng d
024 _a176127
037 _cReference Collections
040 _aRTL
_cRTL
_beng
041 _2eng
_aeng
082 _a"Y73.2.P, P8.16-1& 2"
100 _aSINGH K. S. Ed.
245 0 _aBihar
_b Including Jharkhand. V16.2Pt.
260 _aCulcutta
_bSeaguli Books
_c2008
490 _vV16. Pt.1(542p)
_aPeople of India: National Series
650 _aPeople of India
_9372034
942 _h"Y73.2.P, P8.16-1& 2"
_cCC
999 _c692180
_d692180